000 00856nam a2200217 a 4500
003 0
005 20250228083442.0
008 100819s19uu xx 00 eng d
050 _aPGS HM 753
_b.P235 2010
100 _aPark, Juyeong.
245 _aSocial and cultural awareness of Filipino and Korean student of SISC /
_cJuyeong Park.
260 _aLas PiƱas City, Philippines :
_bSouthville International School and Colleges,
_c2010.
300 _a24 pages :
_billustrations ;
_c28 cm.
504 _aIncludes bibliographical references.
650 _aSocial awareness in children.
650 _aCultural awareness in education.
650 _aIntercultural communication in elementary students.
650 _aCross-cultural studies
_vFilipino and Korean students.
650 _aMulticultural education
_vPhilippines and Korea.
942 _2lcc
_cPASS
999 _c98391
_d98391